<?xml version="1.0" encoding="UTF-8"?>
<collection xmlns="http://www.loc.gov/MARC21/slim">
 <record>
  <leader>03847nam a22005055i 4500</leader>
  <controlfield tag="001">978-0-387-71485-1</controlfield>
  <controlfield tag="003">DE-He213</controlfield>
  <controlfield tag="005">20210616021520.0</controlfield>
  <controlfield tag="007">cr nn 008mamaa</controlfield>
  <controlfield tag="008">100301s2007    xxu|    s    |||| 0|eng d</controlfield>
  <datafield tag="020" ind1=" " ind2=" ">
   <subfield code="a">9780387714851</subfield>
   <subfield code="9">978-0-387-71485-1</subfield>
  </datafield>
  <datafield tag="024" ind1="7" ind2=" ">
   <subfield code="a">10.1007/978-0-387-71485-1</subfield>
   <subfield code="2">doi</subfield>
  </datafield>
  <datafield tag="050" ind1=" " ind2="4">
   <subfield code="a">RA790.55</subfield>
  </datafield>
  <datafield tag="050" ind1=" " ind2="4">
   <subfield code="a">BF353</subfield>
  </datafield>
  <datafield tag="072" ind1=" " ind2="7">
   <subfield code="a">JMH</subfield>
   <subfield code="2">bicssc</subfield>
  </datafield>
  <datafield tag="072" ind1=" " ind2="7">
   <subfield code="a">PSY031000</subfield>
   <subfield code="2">bisacsh</subfield>
  </datafield>
  <datafield tag="072" ind1=" " ind2="7">
   <subfield code="a">JMH</subfield>
   <subfield code="2">thema</subfield>
  </datafield>
  <datafield tag="072" ind1=" " ind2="7">
   <subfield code="a">RNA</subfield>
   <subfield code="2">thema</subfield>
  </datafield>
  <datafield tag="082" ind1="0" ind2="4">
   <subfield code="a">155.9</subfield>
   <subfield code="2">23</subfield>
  </datafield>
  <datafield tag="100" ind1="1" ind2=" ">
   <subfield code="a">Tyler, Forrest B.</subfield>
   <subfield code="e">author.</subfield>
   <subfield code="4">aut</subfield>
   <subfield code="4">http://id.loc.gov/vocabulary/relators/aut</subfield>
  </datafield>
  <datafield tag="245" ind1="1" ind2="0">
   <subfield code="a">Developing Prosocial Communities Across Cultures</subfield>
   <subfield code="h">[electronic resource] /</subfield>
   <subfield code="c">by Forrest B. Tyler.</subfield>
  </datafield>
  <datafield tag="250" ind1=" " ind2=" ">
   <subfield code="a">1st ed. 2007.</subfield>
  </datafield>
  <datafield tag="264" ind1=" " ind2="1">
   <subfield code="a">New York, NY :</subfield>
   <subfield code="b">Springer New York :</subfield>
   <subfield code="b">Imprint: Springer,</subfield>
   <subfield code="c">2007.</subfield>
  </datafield>
  <datafield tag="300" ind1=" " ind2=" ">
   <subfield code="a">XII, 164 p.</subfield>
   <subfield code="b">online resource.</subfield>
  </datafield>
  <datafield tag="336" ind1=" " ind2=" ">
   <subfield code="a">text</subfield>
   <subfield code="b">txt</subfield>
   <subfield code="2">rdacontent</subfield>
  </datafield>
  <datafield tag="337" ind1=" " ind2=" ">
   <subfield code="a">computer</subfield>
   <subfield code="b">c</subfield>
   <subfield code="2">rdamedia</subfield>
  </datafield>
  <datafield tag="338" ind1=" " ind2=" ">
   <subfield code="a">online resource</subfield>
   <subfield code="b">cr</subfield>
   <subfield code="2">rdacarrier</subfield>
  </datafield>
  <datafield tag="347" ind1=" " ind2=" ">
   <subfield code="a">text file</subfield>
   <subfield code="b">PDF</subfield>
   <subfield code="2">rda</subfield>
  </datafield>
  <datafield tag="505" ind1="0" ind2=" ">
   <subfield code="a">Definitions and Background Issues -- Psychosocial Integration: The Theoretical Framework -- The Current Situation: Psychologists’ Approaches to Community Change -- The Prosocial Effect of Changing One Aspect of a Community -- The Prosocial Effect of Coordinating Change in Two Aspects of a Community -- A Guide for Establishing Prosocial Communities -- Questscope: A Comprehensive Prosocial Community Program.</subfield>
  </datafield>
  <datafield tag="520" ind1=" " ind2=" ">
   <subfield code="a">Skillfully combining psychological knowledge and humanitarian wisdom, Developing Prosocial Communities across Cultures shows how nurturing environments can be rooted in the common concerns of people and institutions, while giving readers the steps toward achieving this goal. Psychologist/activist Forrest Tyler emphasizes individuals’ collective responsibilities—to themselves, each other, and society—and describes a coordinated balance of discrete social changes brought about by civic action, policy changes initiated by officials, and collaboration between professionals and the community. Instructive examples from locales as varied as Colombia, Jordan, and the United States offer models from which readers can form unique, innovative solutions. And the author’s multicultural/ multiethnic approach clearly maps out the road from theoretical concepts to real-world action: Defining the prosocial community—core characteristics and elemental relationships. Observing communities: assessing their potential for intervention, determining change objectives. Thinking beyond traditional psychological/mental health approaches to community change. Prosocial effects of community projects involving multiple levels of action. Questscope: an extended example of community change in the Hashemite Kingdom of Jordan Tyler’s decades of experience, and the lucid perspective of Developing Prosocial Communities across Cultures, brings social and community psychologists new assurance that social programs can have greater relevance to the people and groups they serve.</subfield>
  </datafield>
  <datafield tag="650" ind1=" " ind2="0">
   <subfield code="a">Community psychology.</subfield>
  </datafield>
  <datafield tag="650" ind1=" " ind2="0">
   <subfield code="a">Environmental psychology.</subfield>
  </datafield>
  <datafield tag="650" ind1=" " ind2="0">
   <subfield code="a">Clinical psychology.</subfield>
  </datafield>
  <datafield tag="650" ind1="1" ind2="4">
   <subfield code="a">Community and Environmental Psychology.</subfield>
   <subfield code="0">https://scigraph.springernature.com/ontologies/product-market-codes/Y20070</subfield>
  </datafield>
  <datafield tag="650" ind1="2" ind2="4">
   <subfield code="a">Clinical Psychology.</subfield>
   <subfield code="0">https://scigraph.springernature.com/ontologies/product-market-codes/Y12005</subfield>
  </datafield>
  <datafield tag="710" ind1="2" ind2=" ">
   <subfield code="a">SpringerLink (Online service)</subfield>
  </datafield>
  <datafield tag="773" ind1="0" ind2=" ">
   <subfield code="t">Springer Nature eBook</subfield>
  </datafield>
  <datafield tag="776" ind1="0" ind2="8">
   <subfield code="i">Printed edition:</subfield>
   <subfield code="z">9781441924445</subfield>
  </datafield>
  <datafield tag="776" ind1="0" ind2="8">
   <subfield code="i">Printed edition:</subfield>
   <subfield code="z">9780387518558</subfield>
  </datafield>
  <datafield tag="776" ind1="0" ind2="8">
   <subfield code="i">Printed edition:</subfield>
   <subfield code="z">9780387714844</subfield>
  </datafield>
  <datafield tag="856" ind1="4" ind2="0">
   <subfield code="u">https://doi.org/10.1007/978-0-387-71485-1</subfield>
  </datafield>
  <datafield tag="912" ind1=" " ind2=" ">
   <subfield code="a">ZDB-2-BHS</subfield>
  </datafield>
  <datafield tag="912" ind1=" " ind2=" ">
   <subfield code="a">ZDB-2-SXBP</subfield>
  </datafield>
  <datafield tag="950" ind1=" " ind2=" ">
   <subfield code="a">Behavioral Science (SpringerNature-11640)</subfield>
  </datafield>
  <datafield tag="950" ind1=" " ind2=" ">
   <subfield code="a">Behavioral Science and Psychology (R0) (SpringerNature-43718)</subfield>
  </datafield>
 </record>
</collection>
